[Event "Blitz 2018"]
[Site "Saint-Petersburg"]
[Date "2018.12.30"]
[Round "13"]
[Board "63"]
[White "Tomashevsky Evgeny (RUS)"]
[Black "Dzhumagaliev Yan (RUS)"]
[Result "1/2-1/2"]
[LiveChessVersion "1.4.8"]
[BlackElo "2489"]
[WhiteElo "2602"]

1. Nf3 {[%clk 0:03:03]} e6 {[%clk 0:03:01]} 2. c4 {[%clk 0:03:01]} Nf6
{[%clk 0:02:57]} 3. g3 {[%clk 0:03:01]} b6 {[%clk 0:02:51]} 4. Bg2
{[%clk 0:03:01]} Bb7 {[%clk 0:02:52]} 5. d4 {[%clk 0:03:00]} Bb4+
{[%clk 0:02:51]} 6. Bd2 {[%clk 0:02:59]} Bxd2+ {[%clk 0:02:38]} 7. Qxd2
{[%clk 0:02:59]} O-O {[%clk 0:02:32]} 8. O-O {[%clk 0:02:57]} d6 {[%clk 0:02:31]}
9. Rd1 {[%clk 0:02:47]} Nbd7 {[%clk 0:02:31]} 10. Qc2 {[%clk 0:02:42]} Be4
{[%clk 0:02:19]} 11. Qb3 {[%clk 0:02:39]} Bb7 {[%clk 0:02:08]} 12. Nc3
{[%clk 0:02:25]} Ne4 {[%clk 0:01:39]} 13. Rac1 {[%clk 0:02:25]} Ndf6
{[%clk 0:01:28]} 14. d5 {[%clk 0:02:23]} Nxc3 {[%clk 0:01:24]} 15. Rxc3
{[%clk 0:02:23]} e5 {[%clk 0:01:16]} 16. Qc2 {[%clk 0:02:09]} a5 {[%clk 0:01:18]}
17. b3 {[%clk 0:02:09]} Qe7 {[%clk 0:01:12]} 18. a3 {[%clk 0:02:08]} Ra7
{[%clk 0:01:10]} 19. Bh3 {[%clk 0:01:51]} g6 {[%clk 0:00:50]} 20. Re3
{[%clk 0:01:41]} Qd8 {[%clk 0:00:48]} 21. Nd2 {[%clk 0:01:27]} Bc8
{[%clk 0:00:48]} 22. Bxc8 {[%clk 0:01:13]} Qxc8 {[%clk 0:00:49]} 23. Kg2
{[%clk 0:01:14]} h5 {[%clk 0:00:43]} 24. Qc3 {[%clk 0:01:09]} Ng4
{[%clk 0:00:34]} 25. Rd3 {[%clk 0:01:03]} f5 {[%clk 0:00:35]} 26. f3
{[%clk 0:00:39]} Nf6 {[%clk 0:00:36]} 27. Nf1 {[%clk 0:00:24]} Qd7
{[%clk 0:00:31]} 28. Qd2 {[%clk 0:00:24]} Kg7 {[%clk 0:00:30]} 29. Rc3
{[%clk 0:00:25]} Raa8 {[%clk 0:00:31]} 30. b4 {[%clk 0:00:19]} axb4
{[%clk 0:00:32]} 31. axb4 {[%clk 0:00:20]} Ra4 {[%clk 0:00:33]} 32. c5
{[%clk 0:00:18]} Rxb4 {[%clk 0:00:27]} 33. cxd6 {[%clk 0:00:18]} cxd6
{[%clk 0:00:28]} 34. Rdc1 {[%clk 0:00:18]} Rd4 {[%clk 0:00:16]} 35. Qg5
{[%clk 0:00:12]} Nxd5 {[%clk 0:00:16]} 36. Rc6 {[%clk 0:00:12]} Qe7
{[%clk 0:00:12]} 37. h4 {[%clk 0:00:12]} Qxg5 {[%clk 0:00:10]} 38. hxg5
{[%clk 0:00:13]} Ne7 {[%clk 0:00:07]} 39. Rxb6 {[%clk 0:00:12]} f4
{[%clk 0:00:07]} 40. Rb7 {[%clk 0:00:12]} Re8 {[%clk 0:00:05]} 41. Rcc7
{[%clk 0:00:11]} Kf7 {[%clk 0:00:06]} 42. gxf4 {[%clk 0:00:10]} exf4
{[%clk 0:00:07]} 43. e3 {[%clk 0:00:07]} fxe3 {[%clk 0:00:08]} 44. Nxe3
{[%clk 0:00:08]} Ke6 {[%clk 0:00:09]} 45. Rb1 {[%clk 0:00:05]} Rd2+
{[%clk 0:00:08]} 46. Kh3 {[%clk 0:00:06]} Re2 {[%clk 0:00:08]} 47. Ng2
{[%clk 0:00:05]} Nd5 {[%clk 0:00:08]} 48. Rg7 {[%clk 0:00:06]} Kf5
{[%clk 0:00:09]} 49. Rbb7 {[%clk 0:00:06]} Kxg5 {[%clk 0:00:09]} 50. Rbf7
{[%clk 0:00:07]} Nf6 {[%clk 0:00:06]} 51. f4+ {[%clk 0:00:07]} Kf5
{[%clk 0:00:07]} 52. Nh4+ {[%clk 0:00:08]} Ke6 {[%clk 0:00:08]} 53. Ra7
{[%clk 0:00:08]} Re3+ {[%clk 0:00:09]} 54. Kg2 {[%clk 0:00:09]} Kd5
{[%clk 0:00:07]} 55. Rxg6 {[%clk 0:00:08]} Re2+ {[%clk 0:00:09]} 56. Kh3
{[%clk 0:00:10]} R8e3+ {[%clk 0:00:09]} 57. Rg3 {[%clk 0:00:11]} Ne4
{[%clk 0:00:09]} 58. Rxe3 {[%clk 0:00:10]} Rxe3+ {[%clk 0:00:11]} 59. Kg2
{[%clk 0:00:11]} Rg3+ {[%clk 0:00:11]} 60. Kh2 {[%clk 0:00:12]} Rg4
{[%clk 0:00:12]} 61. Ng2 {[%clk 0:00:13]} Ke6 {[%clk 0:00:10]} 62. Ra5
{[%clk 0:00:11]} Nf6 {[%clk 0:00:11]} 63. f5+ {[%clk 0:00:10]} Kd7
{[%clk 0:00:10]} 64. Ra7+ {[%clk 0:00:10]} Kc6 {[%clk 0:00:11]} 65. Rf7
{[%clk 0:00:10]} Nd5 {[%clk 0:00:10]} 66. Rf8 {[%clk 0:00:09]} Rg5
{[%clk 0:00:07]} 67. Nh4 {[%clk 0:00:06]} Ne3 {[%clk 0:00:07]} 68. Kh3
{[%clk 0:00:06]} Kd5 {[%clk 0:00:07]} 69. f6 {[%clk 0:00:07]} Nf5
{[%clk 0:00:04]} 70. Ra8 {[%clk 0:00:03]} Nxh4 {[%clk 0:00:04]} 71. Ra5+
{[%clk 0:00:05]} Ke6 {[%clk 0:00:05]} 72. Rxg5 {[%clk 0:00:05]} Nf3
{[%clk 0:00:05]} 73. Rg6 {[%clk 0:00:03]} Ne5 {[%clk 0:00:06]} 74. Rh6
{[%clk 0:00:03]} Ng4 {[%clk 0:00:07]} 75. Rxh5 {[%clk 0:00:03]} Nxf6
{[%clk 0:00:08]} 76. Ra5 {[%clk 0:00:04]} d5 {[%clk 0:00:08]} 77. Kg3 1/2-1/2

[Event "Blitz 2018"]
[Site "Saint-Petersburg"]
[Date "2018.12.30"]
[Round "13"]
[Board "64"]
[White "Lintchevski Daniil (RUS)"]
[Black "Rechlis Gad (ISR)"]
[Result "1-0"]
[LiveChessVersion "1.4.8"]
[BlackElo "2500"]
[WhiteElo "2594"]

1. e4 {[%clk 0:03:03]} c5 {[%clk 0:03:02]} 2. Nf3 {[%clk 0:03:03]} d6
{[%clk 0:03:04]} 3. d4 {[%clk 0:03:04]} cxd4 {[%clk 0:03:05]} 4. Nxd4
{[%clk 0:03:05]} Nf6 {[%clk 0:03:06]} 5. Nc3 {[%clk 0:03:05]} Nc6
{[%clk 0:03:06]} 6. Be2 {[%clk 0:03:06]} g6 {[%clk 0:03:03]} 7. Be3
{[%clk 0:03:07]} Bg7 {[%clk 0:03:05]} 8. Qd2 {[%clk 0:03:08]} O-O
{[%clk 0:03:05]} 9. O-O-O {[%clk 0:03:08]} Ng4 {[%clk 0:02:56]} 10. Bxg4
{[%clk 0:03:02]} Bxg4 {[%clk 0:02:56]} 11. f3 {[%clk 0:03:03]} Be6
{[%clk 0:02:57]} 12. Kb1 {[%clk 0:02:58]} Rc8 {[%clk 0:02:52]} 13. Nce2
{[%clk 0:02:47]} Bc4 {[%clk 0:02:22]} 14. h4 {[%clk 0:02:32]} Bxe2 15. Nxe2
{[%clk 0:02:24]} h5 {[%clk 0:01:51]} 16. Bh6 {[%clk 0:02:09]} Ne5
{[%clk 0:01:43]} 17. Bxg7 {[%clk 0:02:04]} Kxg7 {[%clk 0:01:44]} 18. b3
{[%clk 0:01:48]} Qb6 {[%clk 0:01:44]} 19. Qd4 {[%clk 0:01:44]} Qxd4
{[%clk 0:01:35]} 20. Nxd4 {[%clk 0:01:43]} Rc5 {[%clk 0:01:32]} 21. c4
{[%clk 0:01:42]} a6 {[%clk 0:01:32]} 22. Rd2 {[%clk 0:01:37]} Rfc8
{[%clk 0:01:31]} 23. a4 {[%clk 0:01:33]} e6 {[%clk 0:01:25]} 24. Re1
{[%clk 0:01:19]} Kf6 {[%clk 0:01:22]} 25. Ree2 {[%clk 0:01:06]} d5
{[%clk 0:01:11]} 26. exd5 {[%clk 0:01:05]} exd5 {[%clk 0:01:12]} 27. cxd5
{[%clk 0:01:05]} Rxd5 {[%clk 0:01:14]} 28. Nc2 {[%clk 0:01:02]} Nd3
{[%clk 0:01:05]} 29. Ne3 {[%clk 0:00:34]} Rdd8 {[%clk 0:00:53]} 30. Rc2
{[%clk 0:00:27]} Nf4 {[%clk 0:00:42]} 31. Rxc8 {[%clk 0:00:22]} Rxc8
{[%clk 0:00:43]} 32. Rc2 {[%clk 0:00:17]} Re8 {[%clk 0:00:40]} 33. Rc3
{[%clk 0:00:18]} Ne2 34. Rd3 Nf4 {[%clk 0:00:32]} 35. Rc3 {[%clk 0:00:21]} Re5
{[%clk 0:00:30]} 36. Kc2 {[%clk 0:00:19]} Ne6 {[%clk 0:00:31]} 37. Kd2
{[%clk 0:00:18]} Nd4 {[%clk 0:00:30]} 38. Rd3 {[%clk 0:00:18]} Ne6
{[%clk 0:00:29]} 39. Nc4 {[%clk 0:00:18]} Rc5 {[%clk 0:00:28]} 40. Nd6
{[%clk 0:00:19]} Rc6 {[%clk 0:00:17]} 41. Nxb7 {[%clk 0:00:18]} Nf4
{[%clk 0:00:18]} 42. Rd4 {[%clk 0:00:11]} Nxg2 43. b4 Ke5 {[%clk 0:00:13]} 44.
Re4+ {[%clk 0:00:13]} Kd5 {[%clk 0:00:15]} 45. Na5 {[%clk 0:00:10]} Rb6
{[%clk 0:00:15]} 46. Kc3 {[%clk 0:00:08]} f5 {[%clk 0:00:15]} 47. Rd4+
{[%clk 0:00:09]} Ke6 {[%clk 0:00:16]} 48. Nc4 {[%clk 0:00:11]} Rc6 49. b5 axb5
{[%clk 0:00:18]} 50. axb5 {[%clk 0:00:13]} Rc8 {[%clk 0:00:20]} 51. Rd6+
{[%clk 0:00:14]} Ke7 {[%clk 0:00:20]} 52. Rxg6 {[%clk 0:00:15]} Ne3
{[%clk 0:00:22]} 53. Rc6 {[%clk 0:00:15]} Rxc6 {[%clk 0:00:18]} 54. bxc6
{[%clk 0:00:16]} Ng2 {[%clk 0:00:18]} 55. Ne5 {[%clk 0:00:10]} Nxh4
{[%clk 0:00:16]} 56. c7 {[%clk 0:00:11]} Nxf3 {[%clk 0:00:14]} 57. c8=Q
{[%clk 0:00:10]} Nxe5 {[%clk 0:00:14]} 58. Qxf5 {[%clk 0:00:10]} 1-0

[Event "Blitz 2018"]
[Site "Saint-Petersburg"]
[Date "2018.12.30"]
[Round "13"]
[Board "65"]
[White "Gordievsky Dmitry (RUS)"]
[Black "Sanal Vahap (TUR)"]
[Result "1-0"]
[LiveChessVersion "1.4.8"]
[BlackElo "2488"]
[WhiteElo "2591"]

1. Nf3 {[%clk 0:03:03]} Nf6 {[%clk 0:03:03]} 2. g3 {[%clk 0:03:02]} d5
{[%clk 0:03:02]} 3. Bg2 {[%clk 0:03:03]} e6 {[%clk 0:03:03]} 4. O-O
{[%clk 0:02:58]} Be7 {[%clk 0:03:04]} 5. b3 {[%clk 0:02:53]} b6 {[%clk 0:03:01]}
6. Bb2 {[%clk 0:02:54]} Bb7 {[%clk 0:03:02]} 7. c4 {[%clk 0:02:55]} O-O
{[%clk 0:03:02]} 8. e3 {[%clk 0:02:56]} Nbd7 {[%clk 0:03:03]} 9. Nc3
{[%clk 0:02:50]} Ne4 {[%clk 0:03:04]} 10. Ne2 {[%clk 0:02:38]} Bf6
{[%clk 0:03:04]} 11. Qc2 {[%clk 0:02:32]} Bxb2 {[%clk 0:03:00]} 12. Qxb2
{[%clk 0:02:32]} Qf6 {[%clk 0:03:00]} 13. Qxf6 {[%clk 0:02:22]} Nexf6
{[%clk 0:02:46]} 14. Rac1 {[%clk 0:02:08]} c5 {[%clk 0:02:35]} 15. Rfd1
{[%clk 0:01:58]} Rfd8 {[%clk 0:02:28]} 16. Nc3 {[%clk 0:01:45]} Rab8
{[%clk 0:02:14]} 17. cxd5 {[%clk 0:01:32]} Nxd5 {[%clk 0:02:13]} 18. Nxd5
{[%clk 0:01:30]} Bxd5 {[%clk 0:02:14]} 19. d4 {[%clk 0:01:31]} Kf8
{[%clk 0:02:01]} 20. dxc5 {[%clk 0:01:25]} Nxc5 {[%clk 0:02:00]} 21. Nd4
{[%clk 0:01:26]} Bxg2 {[%clk 0:01:17]} 22. Kxg2 {[%clk 0:01:26]} Rbc8
{[%clk 0:01:07]} 23. f4 {[%clk 0:01:09]} a5 {[%clk 0:01:03]} 24. g4
{[%clk 0:01:06]} Ke7 {[%clk 0:01:00]} 25. Kf3 {[%clk 0:01:07]} h6
{[%clk 0:00:50]} 26. h4 {[%clk 0:01:05]} Rd5 {[%clk 0:00:47]} 27. Rc2
{[%clk 0:00:56]} Rd6 {[%clk 0:00:40]} 28. Rcd2 {[%clk 0:00:51]} Rd7
{[%clk 0:00:39]} 29. a3 {[%clk 0:00:48]} Ke8 {[%clk 0:00:27]} 30. b4
{[%clk 0:00:43]} Na4 {[%clk 0:00:23]} 31. Nb5 {[%clk 0:00:39]} Rxd2
{[%clk 0:00:22]} 32. Rxd2 {[%clk 0:00:40]} Ke7 {[%clk 0:00:23]} 33. bxa5
{[%clk 0:00:25]} bxa5 {[%clk 0:00:24]} 34. Rd3 {[%clk 0:00:16]} Rc5
{[%clk 0:00:23]} 35. Rb3 {[%clk 0:00:16]} Nb6 {[%clk 0:00:16]} 36. Nd4
{[%clk 0:00:16]} Nd5 {[%clk 0:00:13]} 37. Rb7+ {[%clk 0:00:17]} Ke8
{[%clk 0:00:15]} 38. Nb5 {[%clk 0:00:16]} Kf8 {[%clk 0:00:11]} 39. h5
{[%clk 0:00:09]} Rc1 {[%clk 0:00:04]} 40. Nd6 {[%clk 0:00:09]} Rc3
{[%clk 0:00:04]} 41. Rxf7+ {[%clk 0:00:09]} Kg8 {[%clk 0:00:06]} 42. Ke4
{[%clk 0:00:06]} Rxe3+ {[%clk 0:00:06]} 43. Kd4 {[%clk 0:00:07]} Rxa3
{[%clk 0:00:05]} 44. Ra7 {[%clk 0:00:05]} Nxf4 {[%clk 0:00:04]} 45. Ra8+
{[%clk 0:00:06]} Kh7 {[%clk 0:00:05]} 46. Ke5 {[%clk 0:00:04]} Nd3+
{[%clk 0:00:04]} 47. Kxe6 {[%clk 0:00:05]} Nf2 {[%clk 0:00:04]} 48. Nf7
{[%clk 0:00:06]} Re3+ {[%clk 0:00:05]} 49. Kd6 {[%clk 0:00:04]} g6
{[%clk 0:00:04]} 50. Ne5 {[%clk 0:00:05]} Ne4+ {[%clk 0:00:04]} 51. Ke6
{[%clk 0:00:05]} Ng5+ {[%clk 0:00:03]} 52. Kd5 {[%clk 0:00:05]} gxh5
{[%clk 0:00:04]} 53. Ra7+ {[%clk 0:00:06]} Kg8 {[%clk 0:00:05]} 54. gxh5
{[%clk 0:00:06]} Rh3 {[%clk 0:00:04]} 55. Ng4 {[%clk 0:00:07]} Nf7
{[%clk 0:00:03]} 56. Ke6 {[%clk 0:00:05]} Rf3 57. Nf6+ {[%clk 0:00:05]} 1-0

[Event "Blitz 2018"]
[Site "Saint-Petersburg"]
[Date "2018.12.30"]
[Round "13"]
[Board "66"]
[White "Carlsson Pontus (SWE)"]
[Black "Pantsulaia Levan (GEO)"]
[Result "1-0"]
[LiveChessVersion "1.4.8"]
[BlackElo "2584"]
[WhiteElo "2511"]

1. e4 {[%clk 0:03:03]} c6 {[%clk 0:03:02]} 2. d3 {[%clk 0:03:04]} d5
{[%clk 0:03:03]} 3. Nd2 {[%clk 0:03:04]} e5 {[%clk 0:02:57]} 4. Ngf3
{[%clk 0:03:05]} Bd6 {[%clk 0:02:58]} 5. d4 {[%clk 0:03:06]} exd4
{[%clk 0:02:56]} 6. exd5 {[%clk 0:03:06]} cxd5 {[%clk 0:02:54]} 7. Nxd4
{[%clk 0:03:02]} Nc6 {[%clk 0:02:53]} 8. N2b3 {[%clk 0:02:59]} Nge7
{[%clk 0:02:48]} 9. Bd3 {[%clk 0:02:55]} O-O {[%clk 0:02:34]} 10. O-O
{[%clk 0:02:50]} Ng6 {[%clk 0:02:35]} 11. Qh5 {[%clk 0:02:16]} Nce5
{[%clk 0:02:21]} 12. Bf5 {[%clk 0:02:12]} a6 {[%clk 0:02:00]} 13. c3
{[%clk 0:02:07]} Nc4 {[%clk 0:02:00]} 14. Bxc8 {[%clk 0:01:47]} Rxc8
{[%clk 0:02:01]} 15. Nf5 {[%clk 0:01:47]} Be5 {[%clk 0:01:55]} 16. Nbd4
{[%clk 0:01:46]} Qb6 {[%clk 0:01:42]} 17. Nf3 {[%clk 0:01:34]} Bf6
{[%clk 0:01:42]} 18. b3 {[%clk 0:01:21]} Bxc3 {[%clk 0:00:59]} 19. Ng5
{[%clk 0:01:19]} Rfe8 {[%clk 0:00:20]} 20. Qxh7+ {[%clk 0:01:06]} Kf8
{[%clk 0:00:21]} 21. bxc4 {[%clk 0:00:59]} Rxc4 {[%clk 0:00:06]} 22. Ba3+
{[%clk 0:00:59]} 1-0

[Event "Blitz 2018"]
[Site "Saint-Petersburg"]
[Date "2018.12.30"]
[Round "13"]
[Board "67"]
[White "Vastrukhin Oleg (RUS)"]
[Black "Gasanov Eldar (UKR)"]
[Result "1-0"]
[LiveChessVersion "1.4.8"]
[BlackElo "2581"]
[WhiteElo "2488"]

1. Nf3 {[%clk 0:03:03]} b6 {[%clk 0:03:03]} 2. g3 {[%clk 0:03:03]} Bb7
{[%clk 0:03:04]} 3. Bg2 {[%clk 0:03:05]} g6 {[%clk 0:03:04]} 4. O-O
{[%clk 0:03:05]} Bg7 {[%clk 0:03:05]} 5. a4 {[%clk 0:03:06]} e5 {[%clk 0:02:56]}
6. a5 {[%clk 0:03:07]} Ne7 {[%clk 0:02:49]} 7. c4 {[%clk 0:02:44]} O-O
{[%clk 0:02:46]} 8. Nc3 {[%clk 0:02:45]} d6 {[%clk 0:02:38]} 9. d4
{[%clk 0:02:24]} exd4 {[%clk 0:02:27]} 10. Nxd4 {[%clk 0:02:14]} Bxg2
{[%clk 0:02:27]} 11. Kxg2 {[%clk 0:02:15]} Nbc6 {[%clk 0:02:28]} 12. Nxc6
{[%clk 0:02:02]} Nxc6 {[%clk 0:02:28]} 13. a6 {[%clk 0:01:58]} Bxc3
{[%clk 0:02:13]} 14. bxc3 {[%clk 0:01:59]} Ne5 {[%clk 0:02:08]} 15. Qd4
{[%clk 0:01:53]} Qe7 {[%clk 0:01:56]} 16. Bh6 {[%clk 0:01:47]} Rfe8
{[%clk 0:01:56]} 17. Rad1 1-0

[Event "Blitz 2018"]
[Site "Saint-Petersburg"]
[Date "2018.12.30"]
[Round "13"]
[Board "68"]
[White "Gareyev Timur (USA)"]
[Black "Petrov Nikita (RUS)"]
[Result "0-1"]
[LiveChessVersion "1.4.8"]
[BlackElo "2468"]
[WhiteElo "2577"]

1. Nf3 {[%clk 0:03:01]} d5 {[%clk 0:03:02]} 2. e3 {[%clk 0:03:02]} Nf6
{[%clk 0:03:01]} 3. c4 {[%clk 0:03:00]} c6 {[%clk 0:03:00]} 4. Nc3
{[%clk 0:03:00]} a6 {[%clk 0:03:00]} 5. h3 {[%clk 0:02:59]} e6 {[%clk 0:02:47]}
6. b3 {[%clk 0:02:57]} Bd6 {[%clk 0:02:42]} 7. g4 {[%clk 0:02:44]} e5
{[%clk 0:02:14]} 8. g5 {[%clk 0:02:29]} Ne4 {[%clk 0:02:15]} 9. cxd5
{[%clk 0:02:29]} Nxc3 {[%clk 0:02:15]} 10. dxc3 {[%clk 0:02:30]} e4
{[%clk 0:02:16]} 11. Nd4 {[%clk 0:01:58]} cxd5 {[%clk 0:02:14]} 12. h4
{[%clk 0:01:53]} Nc6 {[%clk 0:02:13]} 13. Bb2 {[%clk 0:01:34]} O-O
{[%clk 0:02:10]} 14. Rg1 {[%clk 0:01:25]} f5 {[%clk 0:02:03]} 15. f4
{[%clk 0:01:06]} exf3 {[%clk 0:01:30]} 16. Qxf3 {[%clk 0:00:59]} Be5
{[%clk 0:01:30]} 17. O-O-O {[%clk 0:00:55]} f4 {[%clk 0:01:31]} 18. e4
{[%clk 0:00:31]} Bxd4 {[%clk 0:01:21]} 19. cxd4 {[%clk 0:00:28]} dxe4
{[%clk 0:01:21]} 20. Qxe4 {[%clk 0:00:28]} Bf5 {[%clk 0:01:22]} 21. Bc4+
{[%clk 0:00:28]} Kh8 {[%clk 0:01:23]} 22. Qd5 {[%clk 0:00:24]} Qxd5
{[%clk 0:01:09]} 23. Bxd5 {[%clk 0:00:25]} Nb4 {[%clk 0:01:10]} 24. Bxb7
{[%clk 0:00:24]} Rab8 {[%clk 0:01:11]} 25. Bxa6 {[%clk 0:00:17]} Nxa6
{[%clk 0:01:06]} 26. Kd2 {[%clk 0:00:17]} Nb4 {[%clk 0:01:04]} 27. Ba3
{[%clk 0:00:17]} Rfc8 {[%clk 0:01:00]} 28. Rc1 {[%clk 0:00:16]} Nxa2
{[%clk 0:00:57]} 29. Rxc8+ {[%clk 0:00:15]} Rxc8 {[%clk 0:00:58]} 30. Bc5
{[%clk 0:00:16]} Be6 {[%clk 0:00:48]} 31. Kc2 {[%clk 0:00:14]} Nb4+
{[%clk 0:00:49]} 32. Kd2 {[%clk 0:00:15]} Nd5 {[%clk 0:00:49]} 33. h5
{[%clk 0:00:14]} f3 {[%clk 0:00:46]} 34. h6 {[%clk 0:00:13]} Bh3 {[%clk 0:00:45]}
35. Rg3 {[%clk 0:00:10]} f2 {[%clk 0:00:42]} 36. hxg7+ {[%clk 0:00:05]} Kxg7
{[%clk 0:00:43]} 0-1

[Event "Blitz 2018"]
[Site "Saint-Petersburg"]
[Date "2018.12.30"]
[Round "13"]
[Board "69"]
[White "Shinkevich Vitaly (RUS)"]
[Black "Gabrielian Artur (RUS)"]
[Result "0-1"]
[LiveChessVersion "1.4.8"]
[BlackElo "2562"]
[WhiteElo "2445"]

1. c4 {[%clk 0:03:03]} c5 {[%clk 0:03:02]} 2. Nf3 {[%clk 0:03:03]} Nc6
{[%clk 0:03:03]} 3. Nc3 {[%clk 0:03:04]} e5 {[%clk 0:03:02]} 4. e3
{[%clk 0:03:05]} Nf6 {[%clk 0:03:03]} 5. d4 {[%clk 0:03:06]} e4 {[%clk 0:03:03]}
6. Ne5 {[%clk 0:03:06]} g6 {[%clk 0:03:04]} 7. Be2 {[%clk 0:03:07]} Bg7
{[%clk 0:03:02]} 8. O-O {[%clk 0:03:02]} O-O {[%clk 0:03:03]} 9. Rb1
{[%clk 0:02:46]} Qe7 {[%clk 0:02:56]} 10. Nxc6 {[%clk 0:02:45]} dxc6
{[%clk 0:02:57]} 11. b3 {[%clk 0:02:37]} cxd4 {[%clk 0:02:51]} 12. exd4
{[%clk 0:02:37]} Rd8 {[%clk 0:02:46]} 13. Be3 {[%clk 0:02:33]} h5
{[%clk 0:02:46]} 14. Qc2 {[%clk 0:02:26]} Bf5 {[%clk 0:02:41]} 15. Rfd1
{[%clk 0:02:19]} Rac8 {[%clk 0:02:28]} 16. Qc1 {[%clk 0:02:14]} Bg4
{[%clk 0:02:24]} 17. h3 {[%clk 0:02:11]} Bxe2 {[%clk 0:02:25]} 18. Nxe2
{[%clk 0:02:12]} Ne8 {[%clk 0:02:15]} 19. Bg5 {[%clk 0:02:06]} Bf6
{[%clk 0:02:16]} 20. Bxf6 {[%clk 0:02:06]} Qxf6 {[%clk 0:02:10]} 21. Qe3
{[%clk 0:02:03]} Nd6 {[%clk 0:02:10]} 22. Ng3 {[%clk 0:02:03]} Re8
{[%clk 0:01:59]} 23. d5 {[%clk 0:01:57]} c5 {[%clk 0:01:56]} 24. Ne2
{[%clk 0:01:46]} b5 {[%clk 0:01:40]} 25. cxb5 {[%clk 0:01:43]} Nxb5
{[%clk 0:01:41]} 26. Rbc1 {[%clk 0:01:41]} Qb6 {[%clk 0:01:32]} 27. Ng3
{[%clk 0:01:29]} h4 {[%clk 0:01:22]} 28. Ne2 {[%clk 0:01:27]} Nd6
{[%clk 0:01:21]} 29. Qg5 {[%clk 0:01:22]} Nf5 {[%clk 0:01:19]} 30. Nf4
{[%clk 0:01:21]} e3 {[%clk 0:00:59]} 31. fxe3 {[%clk 0:00:57]} c4
{[%clk 0:00:59]} 32. Kh2 {[%clk 0:00:40]} Qxe3 {[%clk 0:00:42]} 33. d6
{[%clk 0:00:30]} Rcd8 {[%clk 0:00:28]} 34. bxc4 {[%clk 0:00:20]} Rxd6
{[%clk 0:00:25]} 35. Rxd6 {[%clk 0:00:19]} Nxd6 {[%clk 0:00:26]} 36. Rf1
{[%clk 0:00:04]} Nf5 {[%clk 0:00:23]} 37. Qg4 {[%clk 0:00:03]} Qe5
{[%clk 0:00:23]} 38. Kh1 {[%clk 0:00:00]} Ne3 {[%clk 0:00:23]} 0-1

[Event "Blitz 2018"]
[Site "Saint-Petersburg"]
[Date "2018.12.30"]
[Round "13"]
[Board "70"]
[White "Frolyanov Dmitry (RUS)"]
[Black "Chen Qi B (CHN)"]
[Result "1-0"]
[LiveChessVersion "1.4.8"]
[BlackElo "2416"]
[WhiteElo "2557"]

1. e4 {[%clk 0:03:03]} e5 {[%clk 0:03:03]} 2. Nf3 {[%clk 0:03:04]} Nc6
{[%clk 0:03:04]} 3. Bb5 {[%clk 0:03:05]} Nf6 {[%clk 0:03:05]} 4. O-O Nxe4
{[%clk 0:03:04]} 5. d4 {[%clk 0:03:05]} Nd6 {[%clk 0:03:04]} 6. Bxc6
{[%clk 0:03:06]} dxc6 {[%clk 0:03:04]} 7. dxe5 {[%clk 0:03:07]} Nf5
{[%clk 0:03:05]} 8. Qxd8+ {[%clk 0:03:07]} Kxd8 {[%clk 0:03:06]} 9. h3
{[%clk 0:03:06]} Ke8 {[%clk 0:03:06]} 10. Nc3 {[%clk 0:03:04]} Be7
{[%clk 0:03:00]} 11. b3 {[%clk 0:02:44]} Nh4 {[%clk 0:02:44]} 12. Nd4
{[%clk 0:02:15]} Nf5 {[%clk 0:02:45]} 13. Nde2 {[%clk 0:02:11]} Be6
{[%clk 0:02:27]} 14. Bb2 {[%clk 0:02:11]} Rd8 {[%clk 0:02:27]} 15. Rad1
{[%clk 0:02:10]} h5 {[%clk 0:02:17]} 16. Ne4 {[%clk 0:02:06]} b6 {[%clk 0:02:04]}
17. c4 {[%clk 0:01:41]} a5 {[%clk 0:01:53]} 18. Nf4 {[%clk 0:01:38]} Rh6
{[%clk 0:01:14]} 19. Rfe1 {[%clk 0:01:31]} Ra8 {[%clk 0:00:50]} 20. a4
{[%clk 0:01:30]} Rb8 {[%clk 0:00:49]} 21. Bc1 {[%clk 0:01:19]} Rh8
{[%clk 0:00:38]} 22. Rd3 {[%clk 0:00:54]} b5 {[%clk 0:00:33]} 23. axb5
{[%clk 0:00:42]} cxb5 {[%clk 0:00:34]} 24. Nd5 {[%clk 0:00:43]} Bd8
{[%clk 0:00:29]} 25. Bd2 {[%clk 0:00:42]} bxc4 {[%clk 0:00:23]} 26. bxc4
{[%clk 0:00:43]} c6 {[%clk 0:00:23]} 27. Nd6+ {[%clk 0:00:33]} Nxd6
{[%clk 0:00:23]} 28. exd6 {[%clk 0:00:34]} Kd7 {[%clk 0:00:19]} 29. Ne3
{[%clk 0:00:34]} Bb6 {[%clk 0:00:15]} 30. Rc1 {[%clk 0:00:32]} Bxe3
{[%clk 0:00:07]} 31. Bxe3 {[%clk 0:00:32]} a4 {[%clk 0:00:09]} 32. Ra3
{[%clk 0:00:28]} Ra8 {[%clk 0:00:06]} 33. Bc5 {[%clk 0:00:25]} Rhb8
{[%clk 0:00:07]} 34. Rca1 {[%clk 0:00:25]} Bxc4 {[%clk 0:00:06]} 35. Rxa4
{[%clk 0:00:26]} Rxa4 {[%clk 0:00:06]} 36. Rxa4 {[%clk 0:00:27]} Rb7
{[%clk 0:00:06]} 37. Rxc4 {[%clk 0:00:27]} 1-0

[Event "Blitz 2018"]
[Site "Saint-Petersburg"]
[Date "2018.12.30"]
[Round "13"]
[Board "71"]
[White "Apryshko Gleb (RUS)"]
[Black "Al-Sayed Mohammed (QAT)"]
[Result "0-1"]
[LiveChessVersion "1.4.8"]
[BlackElo "2547"]
[WhiteElo "2416"]

1. e4 {[%clk 0:03:03]} c5 {[%clk 0:03:03]} 2. Nf3 {[%clk 0:03:05]} d6 3. d4 cxd4
{[%clk 0:03:04]} 4. Qxd4 {[%clk 0:03:08]} Nc6 {[%clk 0:03:02]} 5. Bb5
{[%clk 0:03:09]} Bd7 6. Qd3 Nf6 {[%clk 0:02:57]} 7. c4 {[%clk 0:03:12]} g6
{[%clk 0:02:54]} 8. h3 {[%clk 0:03:12]} Bg7 {[%clk 0:02:54]} 9. Nc3
{[%clk 0:03:13]} O-O {[%clk 0:02:53]} 10. O-O {[%clk 0:03:14]} Ne8
{[%clk 0:02:40]} 11. Rd1 {[%clk 0:02:34]} Nc7 {[%clk 0:02:18]} 12. Bxc6
{[%clk 0:02:26]} Bxc6 {[%clk 0:02:10]} 13. Nd4 {[%clk 0:02:17]} Ne6
{[%clk 0:01:53]} 14. Be3 {[%clk 0:02:18]} Nxd4 {[%clk 0:01:28]} 15. Bxd4
{[%clk 0:02:19]} Qa5 {[%clk 0:01:24]} 16. Bxg7 {[%clk 0:02:10]} Kxg7
{[%clk 0:01:25]} 17. Qd4+ {[%clk 0:02:12]} Kg8 {[%clk 0:01:20]} 18. a3
{[%clk 0:01:58]} Qc5 {[%clk 0:01:12]} 19. Qxc5 {[%clk 0:01:39]} dxc5
{[%clk 0:01:13]} 20. b4 {[%clk 0:01:41]} Rfc8 {[%clk 0:00:45]} 21. b5
{[%clk 0:01:40]} Be8 {[%clk 0:00:45]} 22. Nd5 {[%clk 0:01:41]} Kf8
{[%clk 0:00:45]} 23. b6 {[%clk 0:01:40]} Rc6 {[%clk 0:00:29]} 24. Rdb1
{[%clk 0:00:53]} axb6 {[%clk 0:00:28]} 25. Nxb6 {[%clk 0:00:55]} Ra7
{[%clk 0:00:25]} 26. a4 {[%clk 0:00:48]} Ra5 27. Nd5 e6 28. Nf6 Rc7
{[%clk 0:00:15]} 29. Nxh7+ {[%clk 0:00:51]} Ke7 {[%clk 0:00:16]} 30. Rb6
{[%clk 0:00:38]} Rxa4 {[%clk 0:00:14]} 31. Rxa4 {[%clk 0:00:30]} Bxa4
{[%clk 0:00:15]} 32. Ng5 {[%clk 0:00:31]} Bc6 {[%clk 0:00:13]} 33. e5
{[%clk 0:00:07]} Rd7 {[%clk 0:00:14]} 34. g4 {[%clk 0:00:03]} Rd4
{[%clk 0:00:14]} 35. Kh2 {[%clk 0:00:03]} Rxc4 36. Kg3 Rb4 {[%clk 0:00:12]} 37.
Rxb4 {[%clk 0:00:04]} cxb4 {[%clk 0:00:13]} 0-1